| 000 | 01174nam a2200205Ia 4500 | ||
|---|---|---|---|
| 003 | Ost | ||
| 005 | 20260507075631.0 | ||
| 008 | 260507s9999||||xx |||||||||||||| ||und|| | ||
| 040 | _cfsecg | ||
| 041 | _aara | ||
| 082 | _a350 | ||
| 100 |
_aالمجدوب، طارق _eمؤلف |
||
| 245 | 0 |
_aالإدارة العامة / _c طارق المجدوب |
|
| 260 |
_aالإسكندرية: _bالدار الجامعية, _c2001 |
||
| 300 | _a832 صفحة؛ | ||
| 520 | _aيتناول هذا الكتاب الإدارة العامة و العملية الإدارية و الوظيفة العامة و الإصلاح الإداري، فماهية الإدارة العامة تتكون الدولـــــة من مجموعة أفراد تابعين لسلطة سياسية عليا و خاضعين لقوانين عامة مشتركة. ترمي الإدارة العامة، من جهة، إلى وصف و شرح بنية و مهام الأجهزة التي يوكل إليها مهمة تحقيق الأهداف ذات المصلحة الجماعية المحددة من قبل. | ||
| 653 | _aالإدارة | ||
| 653 | _aالادارة العامة | ||
| 942 | _cكتاب | ||
| 999 |
_c45203 _d45203 |
||